| 000 | 01114nam a22002897a 4500 | ||
|---|---|---|---|
| 001 | 7687 | ||
| 003 | FISKH | ||
| 005 | 20250731100501.0 | ||
| 008 | 250731b cb ||||| |||| 00| 0 eng d | ||
| 020 | _a9781609589059 | ||
| 040 |
_aFISKH _beng _cFISKH _dFISKH |
||
| 050 | _aBJ1533.F8 C755 | ||
| 082 | _a155.43 | ||
| 100 | _aCriswell, Patti Kelley | ||
| 245 |
_aFriends making them and keeping them / _cby Patti Kelley Criswell ; illustrated by Stacy Peterson |
||
| 250 | _aThis edition published in 2018 | ||
| 260 |
_aMiddleton : _bAmerican Girl Publishing, _c2006 |
||
| 300 |
_a85 pages : _bcolor illustrations ; _c21 cm |
||
| 505 | _aR | ||
| 520 | _a""Friends" is designed to help you learn how to make new friends, and make the most of the friendships you already have. It's full of quizzes, crafts, thoughtful advice, and true stories of friendship shared by real girls like you"-- | ||
| 521 | 8 |
_a700
_bLexile |
|
| 521 | 8 |
_aR
_bRaz-Plus |
|
| 650 |
_aAmerican Girl _vSocial Skills _xChildhood Studies |
||
| 700 |
_aPeterson, Stacy _eillustrator |
||
| 942 |
_2ddc _cBK _n0 |
||
| 999 |
_c7687 _d7687 |
||